000 00563nam a22001937a 4500
005 20251108164816.0
008 250721s1982 xx 000 0 ara d
082 1 4 _a811.95661/غاز
100 1 _aالقصيبي، غازي عبد الرحمن
245 1 0 _aالحمى :
_bشعر /
264 1 _aجده :
_bتهامة،
_c1982.
300 _a201ص
490 0 _aالكتاب العربي السعودي ؛ 53
650 1 7 _aالشعر العربي
650 1 7 _aالعصر الحديث
650 1 7 _aالسعودية
942 _2ddc
_cBK
999 _c14862
_d14862